000 00736nam a2200289Ia 4500
005 20260324114937.0
008 008 260324s9999 xx 000 0 eng d
020 _a9781003032588
037 _aEBOOK
040 _aCRL
040 _beng
040 _cCRL
041 _2eng
041 _aeng
084 _qCRL
100 _aSandeep Kumar Panda; Ahmed A. Elngar; Valentina Emilia Balas; Mohammed Kayed
_91152759
245 0 _aBitcoin and Blockchain
245 0 _bHistory and Current Applications
260 _bTaylor and Francis
260 _c2020
365 _a
365 _b240
856 _uhttp://www.taylorfrancis.com/books/9781003032588
942 _cEBOOK
999 _c1743259
_d1743259